| 000 | 00419nam a2200169Ia 4500 | ||
|---|---|---|---|
| 008 | 180921t1954 xxu||||| |||| 00| 0 eng d | ||
| 041 | _aeng | ||
| 080 |
_a(x)581.46 _bFER |
||
| 100 | _aFernando,Dorothy | ||
| 245 | _aWild flowers of Ceylon | ||
| 260 |
_bWest brother _aMitcham _c1954 |
||
| 300 | _a86p., ill., 24 cm | ||
| 650 | _aFlower | ||
| 942 | _cBK | ||
| 999 |
_c13062 _d13062 |
||
| 003 | LK-CoDNM | ||
| 040 |
_aLK-CoDNM _dLK-CoDNM _eLK-CoDNM |
||